KK Red Star Belgrade 2021/2022 - Statistics

General Stats
  • This quiz has been taken 96 times
    90 since last reset
  • The average score is 10 of 16
Answer Stats
POS NAT PLAYER % Correct
G SRB Ognjen Dobric
82%
G MNE Nikola Ivanovic
80%
COACH MNE Dejan Radonjic
79%
G SRB Branko Lazic
78%
F SRB Nikola Kalinic
76%
F SRB Dejan Davidovac
74%
C SRB Ognjen Kuzmic
72%
F SRB Luka Mitrovic
66%
C GER Maik Zirbes
64%
G USA Austin Hollins
61%
G USA Nate Wolters
58%
G SRB Stefan Markovic
50%
F USA Aaron White
45%
F SRB Stefan Lazarevic
45%
F SRB Marko Simonovic
37%
G SRB Aleksa Uskokovic
16%
No matching quizzes found
Score Distribution
Percent of People with Each Score
Percentile by Number Answered
Your Score History
You have not taken this quiz since the last reset